000
00307nam a22000977a 4500
008
221212b ||||| |||| 00| 0 eng d
100
_a
Green, Brian M.
245
_a
The Confederate States Ten-Cent Blue Lithograph
260
_a
New York
_b
The Philatelic Foundation
650
_a
Confederate States | Blue Lithograph
999
_c
3460
_d
3460